000 00727nam a2200253 i 4500
001 bg
100 1 _aSANNA, Paul
245 0 0 _aVisual Basic dla Aplikacji 5 w zastosowaniach :
_bwydanie specjalne /
_cnapisał Paul Sanna ; przy współudz. Christa Anderson [et al.].
260 _aWarszawa :
_bLT&P,
_ccop.1998.
300 _a802, [1] s. ;
_c24 cm.
504 _aIndeks.
650 9 _aVisual Basic
655 _aPodręczniki
700 1 _aANDERSON, Christa
020 _a0789709597 (oryg.)
020 _a8387115088
040 _cBPK
041 1 _apl
_hen
080 _a004.438(07)Basic
920 _a0-7897-0959-7 (oryg.)
920 _a83-87115-08-8
942 _cKS
008 s pl f |000 0 pol
999 _c36201
_d36201
856 _uhttp://koha.tu.koszalin.pl/cgi-bin/koha/opac-detail.pl?biblionumber=36201
_yKatalog online BPK